Draft with ease official letters (Record no. 7962)

MARC details
000 -LEADER
fixed length control field 00521cam a2200217ua 4500
001 - CONTROL NUMBER
control field 8875
005 - DATE AND TIME OF LATEST TRANSACTION
control field 20260515114408.0
008 - FIXED-LENGTH DATA ELEMENTS--GENERAL INFORMATION
fixed length control field 150216n ii |||gr||||Z||||||eng
020 ## - INTERNATIONAL STANDARD BOOK NUMBER
International Standard Book Number 9789380926087
040 ## - CATALOGING SOURCE
Transcribing agency MAIN
041 ## - LANGUAGE CODE
Language code of text/sound track or separate title eng
082 ## - DEWEY DECIMAL CLASSIFICATION NUMBER
Classification number 826
100 ## - MAIN ENTRY--PERSONAL NAME
Personal name Verma, J. P.,
Relator term Author.
245 1# - TITLE STATEMENT
Title Draft with ease official letters
Statement of responsibility, etc. By J. P. Verma
250 ## - EDITION STATEMENT
Edition statement 1st.
260 ## - PUBLICATION, DISTRIBUTION, ETC.
Place of publication, distribution, etc. Uttarakhand:
Name of publisher, distributor, etc. Satyam,
Date of publication, distribution, etc. 2012.
300 ## - PHYSICAL DESCRIPTION
Extent 150p.
653 ## - INDEX TERM--UNCONTROLLED
Uncontrolled term English letters
700 ## - ADDED ENTRY--PERSONAL NAME
Personal name Das, R. C.,
Relator term Author.
942 ## - ADDED ENTRY ELEMENTS (KOHA)
Koha item type Books
Holdings
Withdrawn status Lost status Damaged status Not for loan Home library Current library Shelving location Date acquired Total checkouts Full call number Barcode Date last seen Date last checked out Copy number Price effective from Koha item type
        Naharkatiya College Library Naharkatiya College Library General stacks 09/19/2020 1 826 | VER 22247 05/11/2022 04/23/2022 1 09/19/2020 Books